Postavenie Strednej Ázie v projekte Novej hodvábnej cesty diplomová práca

Uložené v:
Podrobná bibliografia
Hlavný autor: Poliaková, Nikola
Korporativný autor: Obchodná fakulta EU. Katedra medzinárodného obchodu
Ďalší autori: Drieniková, Kristína, 1982-
Médium: Kniha
Jazyk:Slovak
Vydavateľské údaje: Bratislava 2017
Tagy: Pridať tag
Žiadne tagy, Buďte prvý, kto otaguje tento záznam!

MARC

LEADER 00000nbm a2200000 4500
001 0230601
005 20170927112647.6
041 0 |a slo 
044 |a SK 
245 1 0 |a Postavenie Strednej Ázie v projekte Novej hodvábnej cesty  |b diplomová práca  |c Nikola Poliaková ; školiteľ: Kristína Drieniková 
264 1 |a Bratislava  |c 2017 
300 |a 90 s. 
100 1 |a Poliaková, Nikola 
700 1 |a Drieniková, Kristína, 1982- 
710 2 |a Obchodná fakulta EU. Katedra medzinárodného obchodu